| 000 | 00718nam a2200193 a 4500 | ||
|---|---|---|---|
| 001 | 000935989 | ||
| 003 | AM-YeHGA | ||
| 005 | 20250617145803.0 | ||
| 008 | 121213s1972 ||| r 000 0 rus d | ||
| 040 | _aAM-YeHGA | ||
| 041 | 0 | _arus | |
| 100 | 1 | _aШолохов, Николай Иванович | |
| 245 | 1 | 0 |
_aОпыт изучения пьесы К.А. Тренева "Любовь яровая" в 10 классе средней школы / _cН.И. Шолохов. |
| 260 |
_aСаранск : _bМордов. кн. изд-во, _c1972. |
||
| 300 | _a84 с. | ||
| 600 | 1 | 4 |
_aТренев, Константин Андреевич _d1876-1945 |
| 653 | 0 | _aРусская литература | |
| 090 | _c320207 | ||
| 999 |
_c318475 _d318475 |
||